Vocabulaire progressif du français: avec 250 exercices
Guardado en:
| Autor principal: | |
|---|---|
| Formato: | Libro |
| Lenguaje: | Undetermined |
| Publicado: |
Francia
CLE International
1999
|
| Materias: | |
| Etiquetas: |
Agregar Etiqueta
Sin Etiquetas, Sea el primero en etiquetar este registro!
|
MARC
| LEADER | 00000nam a2200000Ia 4500 | ||
|---|---|---|---|
| 008 | 170316s9999 xx 000 0 und d | ||
| 090 | |a 415-F L-5v | ||
| 100 | |a Leroy-Miquel, Claire | ||
| 245 | |a Vocabulaire progressif du français: avec 250 exercices | ||
| 260 | |a Francia | ||
| 260 | |b CLE International | ||
| 260 | |c 1999 | ||
| 300 | |a 192 páginas | ||
| 650 | |a GRAMÁTICA FRANCESA | ||
| 650 | |a EJERCICIOS | ||
| 650 | |a TEXTOS | ||
| 999 | |c 19220 |d 19220 | ||
| 040 | |a cru BVZT | ||
| 942 | |c 15 D |h 415-F L-5v |2 z | ||
